| 000 | 01151cai a22001815a 4500 | ||
|---|---|---|---|
| 001 | L143110 | ||
| 008 | 080408u xxk f 000 0 eng d | ||
| 035 | _a(Sirsi) u143110 | ||
| 041 | 0 | _aeng | |
| 110 | 2 |
_aAgricultural Law Association _91958 |
|
| 245 | 0 | 0 |
_aAgricultural Law Association _h[electronic resource] |
| 520 | _aWebsite for the Agricultural Law Association providing services for rural professionals including lawyers, surveyors, accountants, bankers and farm business consultants. Includes a current news section and a diary of current events. Presents a section dealing with the reform of rural tenancies. Contains an editorial blog. Enables site users to search for ALA members. Members' section contains further details including regulations and other documents relating to the Common Agricultural Policy single payment scheme as well as a library of case law. | ||
| 651 | 4 |
_aUnited Kingdom _y |
|
| 690 | _aPROPERTY-RURAL AND NATURAL ASSETS | ||
| 690 | _aENVIRONMENTAL AND LAND CONSULTANCY | ||
| 856 | 4 | 0 |
_uhttps://www.ala.org.uk/mod.php?mod=userpage&menu=13&page_id=16 _zView the website free of charge at www.ala.org.uk... |
| 942 | _n0 | ||
| 999 |
_c120655 _d120655 |
||